书目信息 |
| 题名: |
接受不完美的自己
|
|
| 作者: | 阿行 著 | |
| 分册: | ||
| 出版信息: | 北京 化学工业出版社 2017 |
|
| 页数: | 238页 | |
| 开本: | 21cm | |
| 丛书名: | ||
| 单 册: | ||
| 中图分类: | B848-49 , C912.11-49 | |
| 科图分类: | ||
| 主题词: | 自我评价--通俗读物 , 人际关系学--通俗读物 | |
| 电子资源: | ||
| ISBN: | 978-7-122-29595-8 | |
| 000 | 01214nam0 2200277 450 | |
| 001 | 1738 | |
| 005 | 20180522141550.76 | |
| 010 | @a978-7-122-29595-8@dCNY38.00 | |
| 100 | @a20170905d2017 em y0chiy50 ea | |
| 101 | 0 | @achi |
| 102 | @aCN@b110000 | |
| 105 | @ay z 000yy | |
| 200 | 1 | @a接受不完美的自己@9jie shou bu wan mei de zi ji@f阿行著 |
| 210 | @a北京@c化学工业出版社@d2017 | |
| 215 | @a238页@d21cm | |
| 312 | @a封面英文题名:Accept the imperfect self | |
| 314 | @a阿行,自由撰稿人,国家三级心理咨询师,著有《懂事的孩子是否快乐》等。 | |
| 330 | @a本书主要从自身和人际关系两个方面入手,分别进行阐述。从自身来讲,分为“外表”和“内在”两个方面,引入不完美这个话题。又因为自身的不完美,从而开始对人际关系的审看。人际关系分为:亲情关系、友情关系、爱情关系与职场关系。从亲疏远近的各个层次,选取不同的实例故事,以不同的切入点讲述人际关系中可能发生的不完美的情况,以及应该如何正确的应对。最后统揽全局,以总分总的结构模式对本书做出总结。 | |
| 510 | 1 | @aAccept the imperfect self@zeng |
| 606 | 0 | @a自我评价@j通俗读物 |
| 606 | 0 | @a人际关系学@j通俗读物 |
| 690 | @aB848-49@v5 | |
| 690 | @aC912.11-49@v5 | |
| 701 | 0 | @a阿行@9a xing@4著 |
| 801 | 0 | @aCN@b91MARC@c20170905 |
| 905 | @aMuseLib@dB848-49@e2066 | |
| 接受不完美的自己/阿行著.-北京:化学工业出版社,2017 |
| 238页;21cm |
| ISBN 978-7-122-29595-8:CNY38.00 |
| 本书主要从自身和人际关系两个方面入手,分别进行阐述。从自身来讲,分为“外表”和“内在”两个方面,引入不完美这个话题。又因为自身的不完美,从而开始对人际关系的审看。人际关系分为:亲情关系、友情关系、爱情关系与职场关系。从亲疏远近的各个层次,选取不同的实例故事,以不同的切入点讲述人际关系中可能发生的不完美的情况,以及应该如何正确的应对。最后统揽全局,以总分总的结构模式对本书做出总结。 |
| ● |
| 相关链接 |
|
|
|
|
正题名:接受不完美的自己
索取号:B848-49/2066
 
预约/预借
| 序号 | 登录号 | 条形码 | 馆藏地/架位号 | 状态 | 备注 |
| 1 | 1068230 | 210682304 | 第一样本阅览室/ [索取号:B848-49/2066] | 在馆 | |
| 2 | 1068231 | 210682313 | 社科部资料室/ [索取号:B848-49/2066] | 在馆 | |
| 3 | 1068232 | 210682322 | 第一借阅区/ [索取号:B848-49/2066] | 在馆 | |
| 4 | 1068233 | 210682331 | 第一借阅区/ [索取号:B848-49/2066] | 在馆 | |
| 5 | 1068234 | 210682340 | 第一借阅区/ [索取号:B848-49/2066] | 在馆 | |
| 6 | 1068235 | 210682359 | 第一借阅区/ [索取号:B848-49/2066] | 在馆 | |
| 7 | 1106307 | 211063070 | 第一借阅区/ [索取号:B848-49/2066] | 在馆 | |
| 8 | 1106308 | 211063089 | 教育系资料室/ [索取号:B848-49/2066] | 在馆 | |
| 9 | 1106309 | 211063098 | 教育系资料室/ [索取号:B848-49/2066] | 在馆 | |
| 10 | 1106310 | 211063105 | 教育系资料室/ [索取号:B848-49/2066] | 在馆 | |
| 11 | 1106311 | 211063114 | 第一借阅区/ [索取号:B848-49/2066] | 在馆 | |
| 12 | 1106312 | 211063123 | 第一借阅区/ [索取号:B848-49/2066] | 在馆 |